<?xml version="1.0" encoding="UTF-8"?>
<record
    xmlns:xsi="http://www.w3.org/2001/XMLSchema-instance"
    xsi:schemaLocation="http://www.loc.gov/MARC21/slim http://www.loc.gov/standards/marcxml/schema/MARC21slim.xsd"
    xmlns="http://www.loc.gov/MARC21/slim">

  <leader>01168njm a22002897a 4500</leader>
  <controlfield tag="005">20100914154443.0</controlfield>
  <controlfield tag="006">a|||||r|||||00| 0 </controlfield>
  <controlfield tag="007">sd ammalaaahaa</controlfield>
  <controlfield tag="008">100910t        xxu||||| |||| 00| 0 eng d</controlfield>
  <datafield tag="028" ind1=" " ind2=" ">
    <subfield code="a">TAE.1118</subfield>
    <subfield code="b">Odeon</subfield>
  </datafield>
  <datafield tag="035" ind1=" " ind2=" ">
    <subfield code="a">GR-02429</subfield>
  </datafield>
  <datafield tag="040" ind1=" " ind2=" ">
    <subfield code="a">SED</subfield>
    <subfield code="c">SED</subfield>
  </datafield>
  <datafield tag="100" ind1=" " ind2=" ">
    <subfield code="a">Mohd Rafi</subfield>
    <subfield code="9">19365</subfield>
  </datafield>
  <datafield tag="245" ind1=" " ind2=" ">
    <subfield code="a">Taj Mahal /</subfield>
    <subfield code="c">sung by Mohd Rafi ; Music by  Roshan ; Lyrics by Sahir Ludhianvi</subfield>
    <subfield code="h">[sound recording] :</subfield>
  </datafield>
  <datafield tag="246" ind1=" " ind2=" ">
    <subfield code="a">&#x924;&#x93E;&#x91C; &#x92E;&#x939;&#x932; /</subfield>
  </datafield>
  <datafield tag="260" ind1=" " ind2=" ">
    <subfield code="a">Dum Dum, India </subfield>
    <subfield code="b">Odeon</subfield>
    <subfield code="c">1963</subfield>
  </datafield>
  <datafield tag="300" ind1=" " ind2=" ">
    <subfield code="a">1 sound disc [Gramophone Recording] :</subfield>
    <subfield code="b">analog, 33 1/3 rpm ;</subfield>
    <subfield code="c">7.5 in. (SP)</subfield>
    <subfield code="f">Gramaphone Records</subfield>
  </datafield>
  <datafield tag="500" ind1=" " ind2=" ">
    <subfield code="a">Brief records </subfield>
  </datafield>
  <datafield tag="500" ind1=" " ind2=" ">
    <subfield code="a">Records Lable : Odeon, Black</subfield>
  </datafield>
  <datafield tag="505" ind1=" " ind2=" ">
    <subfield code="a">Side-1 &#x91C;&#x94B; &#x935;&#x93E;&#x926;&#x93E; &#x915;&#x93F;&#x92F;&#x93E; (Jo Wada Kiya) (Mohd Rafi &amp; Lata Mangeshkar),--Side-2 &#x92A;&#x93E;&#x935; &#x91B;&#x941; &#x932;&#x947;&#x928;&#x947; &#x926;&#x94B;  (Paw Choo Lene do) (Mohd Rafi &amp; Lata Mangeshkar)</subfield>
  </datafield>
  <datafield tag="600" ind1=" " ind2=" ">
    <subfield code="a">Mohd Rafi </subfield>
    <subfield code="9">20079</subfield>
  </datafield>
  <datafield tag="650" ind1=" " ind2=" ">
    <subfield code="2">Excerpts.</subfield>
    <subfield code="a">Classical Music</subfield>
    <subfield code="b">India</subfield>
    <subfield code="9">19366</subfield>
  </datafield>
  <datafield tag="700" ind1=" " ind2=" ">
    <subfield code="a">Roshan </subfield>
    <subfield code="9">20080</subfield>
  </datafield>
  <datafield tag="700" ind1=" " ind2=" ">
    <subfield code="a">Ludhianvi, Sahir </subfield>
    <subfield code="9">20081</subfield>
  </datafield>
  <datafield tag="942" ind1=" " ind2=" ">
    <subfield code="2">ddc</subfield>
    <subfield code="c">GR</subfield>
  </datafield>
  <datafield tag="999" ind1=" " ind2=" ">
    <subfield code="c">45800</subfield>
    <subfield code="d">45800</subfield>
  </datafield>
  <datafield tag="952" ind1=" " ind2=" ">
    <subfield code="0">0</subfield>
    <subfield code="1">0</subfield>
    <subfield code="2">ddc</subfield>
    <subfield code="4">0</subfield>
    <subfield code="7">1</subfield>
    <subfield code="8">NFIC</subfield>
    <subfield code="a">L</subfield>
    <subfield code="b">L</subfield>
    <subfield code="d">2010-09-14</subfield>
    <subfield code="e">SED/VEN</subfield>
    <subfield code="l">0</subfield>
    <subfield code="p">GR-02429</subfield>
    <subfield code="r">2010-09-14 00:00:00</subfield>
    <subfield code="t">1</subfield>
    <subfield code="w">2010-09-14</subfield>
    <subfield code="y">GR</subfield>
  </datafield>
</record>
